Los desafíos de instruir sumarios administrativos en supuestos de violencia de género ejercida en el ámbito laboral / (Registro nro. 6156)
[ vista simple ]
| 000 -LEADER | |
|---|---|
| fixed length control field | 01241nabaa22002417a 4500 |
| 003 - CONTROL NUMBER IDENTIFIER | |
| control field | OSt |
| 005 - DATE AND TIME OF LATEST TRANSACTION | |
| control field | 20260123195703.0 |
| 008 - FIXED-LENGTH DATA ELEMENTS--GENERAL INFORMATION | |
| fixed length control field | 190701b xxu||||| |||| 00| 0 spa d |
| 040 ## - CATALOGING SOURCE | |
| Transcribing agency | PJ |
| 100 ## - MAIN ENTRY--PERSONAL NAME | |
| 9 (RLIN) | 6906 |
| Personal name | Eguinoa, María Rosario |
| 245 13 - TITLE STATEMENT | |
| Title | Los desafíos de instruir sumarios administrativos en supuestos de violencia de género ejercida en el ámbito laboral / |
| Statement of responsibility, etc | María Rosario Eguinoa. |
| 300 ## - PHYSICAL DESCRIPTION | |
| Extent | p. 99-108 |
| 500 ## - GENERAL NOTE | |
| General note | Cita: TR LALEY AR/DOC/3187/2023 |
| 505 ## - FORMATTED CONTENTS NOTE | |
| Formatted contents note | Sumario: I. Introducción.— II. Potestad disciplinaria.— III. La recepción de las problemáticas de género en la Administración pública nacional.— IV. Breve repaso sobre los principales conceptos normativos.— V. Propuestas prácticas frente a un desafío real.— VI. Reflexión final. |
| 505 ## - FORMATTED CONTENTS NOTE | |
| Title | ¿Te interesa el texto completo? Comunicate al correo: koha@justierradelfuego.gov.ar |
| 650 #0 - SUBJECT ADDED ENTRY--TOPICAL TERM | |
| 9 (RLIN) | 211 |
| Topical term or geographic name as entry element | DERECHO ADMINISTRATIVO |
| 650 #0 - SUBJECT ADDED ENTRY--TOPICAL TERM | |
| 9 (RLIN) | 877 |
| Topical term or geographic name as entry element | ADMINISTRACION PUBLICA |
| 650 #0 - SUBJECT ADDED ENTRY--TOPICAL TERM | |
| 9 (RLIN) | 938 |
| Topical term or geographic name as entry element | EMPLEO PUBLICO |
| 650 #0 - SUBJECT ADDED ENTRY--TOPICAL TERM | |
| 9 (RLIN) | 2019 |
| Topical term or geographic name as entry element | SUMARIO ADMINISTRATIVO |
| 650 #0 - SUBJECT ADDED ENTRY--TOPICAL TERM | |
| 9 (RLIN) | 3053 |
| Topical term or geographic name as entry element | VIOLENCIA DE GÉNERO |
| 773 0# - HOST ITEM ENTRY | |
| Host Biblionumber | 2842 |
| Host Itemnumber | 3251 |
| Place, publisher, and date of publication | Buenos Aires : AbeledoPerrot, 2012- |
| Other item identifier | DA121 |
| Title | Derecho administrativo. Nº 151 enero/febrero 2024 |
| International Standard Book Number | 18510590 |
| 942 ## - ADDED ENTRY ELEMENTS (KOHA) | |
| Source of classification or shelving scheme | |
| Koha item type | Analítica Artículo de Revista |
No hay ítems disponibles.
